| 000 | 01831cam a2200205 4500500 | ||
|---|---|---|---|
| 005 | 20260329010013.0 | ||
| 041 | _afre | ||
| 042 | _adc | ||
| 100 | 1 | 0 |
_aBacon, Trystan _eauthor |
| 700 | 1 | 0 |
_aBlanchard, Clara _eauthor |
| 700 | 1 | 0 |
_aDubois, Estelle _eauthor |
| 700 | 1 | 0 |
_aVaillant-Roussel, Hélène _eauthor |
| 700 | 1 | 0 |
_aBoussageon, Rémy _eauthor |
| 245 | 0 | 0 | _aEfficacy of oxomemazine in treating cough: Systematic review and meta-analysis of randomized controlled trials |
| 260 | _c2025. | ||
| 500 | _a18 | ||
| 520 | _aBackground: Cough is the most common presenting symptom for consulting in primary care. Oxomemazine is the second most reimbursed medication in France, among those approved for the symptomatic treatment of coughs. Objective: The aim of this study was to assess the efficacy of oxomemazine in treating cough. Methods: Systematic review and meta-analysis of randomized controlled trials (RCTs), according to the Rebuild the Evidence Base (REB) protocol. We included clinical trials comparing oxomemazine with a placebo or active controls in treating cough. We searched the following databases and registries to identify studies: Medline, Cochrane Central Register of Controlled Trials (CENTRAL), Embase, International Clinical Trials Registry Platform (ICTRP), and ClinicalTrials.gov. Results: None of the RCTs had a low risk of bias. In accordance with the REB protocol, no meta-analysis was carried out. Conclusion: This systematic review of the literature concludes that oxomemazine has not been adequately assessed in the treatment of cough and that there is no evidence of clinical efficacy according to the REB method. | ||
| 786 | 0 | _nMédecine | 20 | 10 | 2025-01-14 | p. 469-475 | 1777-2044 | |
| 856 | 4 | 1 | _uhttps://stm.cairn.info/journal-medecine-2024-10-page-469?lang=en&redirect-ssocas=7080 |
| 999 |
_c1848635 _d1848635 |
||